كيف تكسب حب الناس : (Record no. 8997)
[ view plain ]
| 000 -الفاتح | |
|---|---|
| حقل البيانات ثابتة الطول | 00999nac a22002171u 4500 |
| 008 - عناصر البيانات ثابتة الطول - معلومات عامة | |
| حقل البيانات ثابتة الطول | 110908s2006 ua|||||r|||| 00| 0 ara d |
| 020 ## - الرقم الدولى المعيارى للكتب | |
| الرقم الدولى المعيارى للكتاب | 977172987 |
| 082 ## - رقم تصنيف ديوى العشرى | |
| رقم التصنيف | 177 |
| رقم المادة | ع ي د |
| رقم الطبعة | 22 |
| 100 ## - المدخل الرئيسى - إسم شخصى | |
| الإسم الشخصى | أبو العيد ، عاطف |
| 9 (RLIN) | 27069 |
| 245 ## - بيان العنوان | |
| العنوان | كيف تكسب حب الناس : |
| بيان المسئوليه,etc | عاطف أبو العيد |
| بقية العنوان | في أقل من دقيقة / |
| 260 ## - PUBLICATION, DISTRIBUTION, ETC. (IMPRINT) | |
| مكان الناشر او الموزع | [الإسكندرية] : |
| اسم الناشر او الموزع | دار الدعوة ، 2006 |
| تاريخ النشر أو التوزيع | 2006. |
| 300 ## - الوصف المادى | |
| التعداد | 170 p.; |
| أبعاد الوعاء | 18 cm. |
| تفاصيل ماديه اخرى للوعاء | ill.; |
| 490 ## - بيان السلسلة | |
| -- | 27072 |
| عنوان السلسلة | ؛ سلسلة الانفتاح والتأثير في الآخرين |
| -- | 1 |
| 500 ## - تبصرة عامة | |
| تبصرة عامة | Arabic Books |
| 500 ## - تبصرة عامة | |
| تبصرة عامة | Distributer : Al Magmoa Al Elmeya |
| 504 ## - تبصرة ببليوجرافية | |
| تبصرة ببليوجرافية,الخ | Includes bibliographical references and index. |
| 511 ## - | |
| -- | Catalogued by: Sara |
| 650 ## - المدخل الاضافى بالموضوع-مصطلح موضوعى | |
| مصطلح موضوعي أو اسم جغرافي كعنصر مدخل | العلاقات الاجتماعية |
| 9 (RLIN) | 23867 |
| 942 ## - عناصر المدخل الإضافي( كوها) | |
| Koha [default] item type | Book - Borrowing |
| سابقة رقم الطلب | 177 ع ي د |
| مصدر التصنيف او مخطط الترفيف | Dewey Decimal Classification |
| حالة التراجع | حالة الفقد | مصدر التصنيف او خطة الترفيف | حالة تلف | ليس للاعارة | مجموعات كوها | المكان الدائم | المكان الحالي | موقع الترفيف | تاريخ الاكتساب | Source of acquisition | رقم الاستدعاء | الباركود | Date last seen | مُعار | التكلفة | نوع الوعاء |
|---|---|---|---|---|---|---|---|---|---|---|---|---|---|---|---|---|
| Dewey Decimal Classification | Central Library | Central Library | Lower Floor | 08/09/2011 | 177 ع ي د | 000010941 | 15/07/2025 | 07/10/2024 | 15.00 | Book - Borrowing |